Principles & Practice Of Management (Record no. 1409)

MARC details
000 -LEADER
fixed length control field 00398nam a2200157Ia 4500
008 - FIXED-LENGTH DATA ELEMENTS--GENERAL INFORMATION
fixed length control field 221030s9999 xx 000 0 und d
020 ## - INTERNATIONAL STANDARD BOOK NUMBER
ISBN 817700323
041 ## - LANGUAGE CODE
Language code of text/sound track or separate title
082 ## - DEWEY DECIMAL CLASSIFICATION NUMBER
Classification number 105.23
Item number Chh
100 ## - MAIN ENTRY--AUTHOR NAME
Personal name T. N. Chhabra
245 #0 - TITLE STATEMENT
Title Principles & Practice Of Management
Statement of responsibility, etc by T. N. Chhabra
260 ## - PUBLICATION, DISTRIBUTION, ETC. (IMPRINT)
Name of publisher Dhanpat Rai Pub
Place of publication Delhi
Year of publication 2003
300 ## - PHYSICAL DESCRIPTION
Number of Pages 915
650 ## - SUBJECT ADDED ENTRY--TOPICAL TERM
Topical Term BE Management
942 ## - ADDED ENTRY ELEMENTS (KOHA)
Koha item type Books
Holdings
Accession Number Cost, normal purchase price Full call number Price effective from Koha item type Withdrawn / writtenoff status Materials specified (bound volume or other part) Damaged status Not for loan Permanent Location Current Location Shelving location Date acquired Lost/ Missing status department
BE 6786 130.00 105.23 Chh 10/30/2022 Books   Print     MIET Library, Jammu MIET Library, Jammu BL-Second, FL-1, CUP-130, SH-4, R-4 06/20/2003   BE
BE 6787 130.00 105.23 Chh 10/30/2022 Books   Print     MIET Library, Jammu MIET Library, Jammu BL-Academic Block- A, FL-1, CUP-69, SH-2, R-2 06/20/2003   BE
BE 6788 130.00 105.23 Cha 10/30/2022 Books   Print     MIET Library, Jammu MIET Library, Jammu BL-First, FL-1, CUP-69, SH-2, R-2 11/26/2005   BE
BE 6789 130.00 105.23 Cha 10/30/2022 Books   Print     MIET Library, Jammu MIET Library, Jammu BL-Academic Block C, FL-2, CUP-69, SH-3, R-3 06/20/2003   BE
BE 6790 130.00 105.23 Cha 10/30/2022 Books   Print     MIET Library, Jammu MIET Library, Jammu BL-First, FL-1, CUP-69, SH-2, R-2 06/20/2003   BE